000 00748nam a2200205 a 4500
003 0
005 20250227153402.0
008 100819s19uu xx 00 eng d
050 _aPGS QR 24
_b.D276 2010
100 _aDayupay, Maria Carmina.
245 _aEffect of oregano on athlete's foot causing fungi /
_cMaria Carmina Dayupay.
260 _aLas PiƱas City, Philippines :
_bSouthville International School and Colleges,
_c2010.
300 _a19 pages :
_billustrations ;
_c28 cm.
504 _aIncludes bibliographical references.
650 _aAntifungal agents
_vNatural sources.
650 _aOregano
_vTherapeutic use.
650 _aTinea pedis
_vTreatment.
650 _aMedicinal plants
_vAntifungal properties.
942 _2lcc
_cPASS
999 _c98393
_d98393